<?xml version="1.0" encoding="UTF-8"?>
<record
    xmlns:xsi="http://www.w3.org/2001/XMLSchema-instance"
    xsi:schemaLocation="http://www.loc.gov/MARC21/slim http://www.loc.gov/standards/marcxml/schema/MARC21slim.xsd"
    xmlns="http://www.loc.gov/MARC21/slim">

  <leader>00949nam a22001697a 4500</leader>
  <datafield tag="999" ind1=" " ind2=" ">
    <subfield code="c">184795</subfield>
    <subfield code="d">184795</subfield>
  </datafield>
  <controlfield tag="005">20220125130129.0</controlfield>
  <datafield tag="010" ind1=" " ind2=" ">
    <subfield code="a">HIN-21-22</subfield>
  </datafield>
  <datafield tag="020" ind1=" " ind2=" ">
    <subfield code="a">9789390727544</subfield>
    <subfield code="c">715.00</subfield>
  </datafield>
  <datafield tag="037" ind1=" " ind2=" ">
    <subfield code="b">&#x92C;&#x940;.&#x90F;&#x938;.&#x92C;&#x940;</subfield>
  </datafield>
  <datafield tag="082" ind1=" " ind2=" ">
    <subfield code="a">500</subfield>
  </datafield>
  <datafield tag="100" ind1=" " ind2=" ">
    <subfield code="a">&#x938;&#x93F;&#x902;&#x918;&#x93E;&#x928;&#x93F;&#x92F;&#x93E;, &#x928;&#x93F;&#x924;&#x93F;&#x928; </subfield>
  </datafield>
  <datafield tag="245" ind1=" " ind2=" ">
    <subfield code="a">&#x92D;&#x93E;&#x930;&#x924;&#x940;&#x92F; &#x905;&#x930;&#x94D;&#x925;&#x935;&#x94D;&#x92F;&#x935;&#x938;&#x94D;&#x925;&#x93E;:</subfield>
    <subfield code="b">&#x938;&#x93F;&#x935;&#x93F;&#x932; &#x938;&#x947;&#x935;&#x93E; &#x90F;&#x935;&#x902; &#x905;&#x928;&#x94D;&#x92F; &#x92A;&#x94D;&#x930;&#x924;&#x93F;&#x92F;&#x94B;&#x917;&#x940; &#x92A;&#x930;&#x940;&#x915;&#x94D;&#x937;&#x93E;&#x913; &#x939;&#x947;&#x924;&#x941;/</subfield>
    <subfield code="c">&#x928;&#x93F;&#x924;&#x93F;&#x928;  &#x938;&#x93F;&#x902;&#x918;&#x93E;&#x928;&#x93F;&#x92F;&#x93E;</subfield>
  </datafield>
  <datafield tag="260" ind1=" " ind2=" ">
    <subfield code="a">&#x91A;&#x947;&#x928;&#x94D;&#x928;&#x908;</subfield>
    <subfield code="b"> &#x92E;&#x947;&#x915;&#x917;&#x94D;&#x930;&#x93E;-&#x939;&#x93F;&#x932; &#x90F;&#x91C;&#x941;&#x915;&#x947;&#x936;&#x928; &#x92A;&#x94D;&#x930;&#x93E;&#x966; &#x932;&#x93F;&#x966;</subfield>
    <subfield code="c">2022</subfield>
  </datafield>
  <datafield tag="270" ind1=" " ind2=" ">
    <subfield code="a">&#x905;&#x902;&#x91C;&#x928;&#x93E; &#x915;&#x93E;&#x92E;&#x94D;&#x92A;&#x94D;&#x932;&#x947;&#x915;&#x94D;&#x938; &#x928;. 5/90 &#x90F;, &#x92C;&#x91F; &#x930;&#x94B;&#x921;, &#x938;&#x947;&#x902;&#x91F; &#x925;&#x949;&#x92E;&#x938; &#x92E;&#x93E;&#x909;&#x902;&#x91F;</subfield>
    <subfield code="b">&#x91A;&#x947;&#x928;&#x94D;&#x928;&#x908;</subfield>
    <subfield code="e">600116</subfield>
  </datafield>
  <datafield tag="300" ind1=" " ind2=" ">
    <subfield code="a">&#x935;&#x93F;. &#x92A;&#x943;.</subfield>
    <subfield code="c">24 &#x938;&#x947;&#x92E;&#x940; (&#x905;&#x91C;&#x93F;&#x932;&#x94D;&#x926;)  </subfield>
  </datafield>
  <datafield tag="942" ind1=" " ind2=" ">
    <subfield code="2">ddc</subfield>
    <subfield code="c">HN</subfield>
    <subfield code="h">330.954</subfield>
    <subfield code="e">&#x938;&#x93F;&#x902;&#x918;&#x93E;&#x928;&#x93F;</subfield>
  </datafield>
</record>
